近15年平均世界排名最高的30支女足国家队 - Statistics

General Stats
  • This quiz has been taken 11 times
  • The average score is 28 of 30
Answer Stats
大洲 女足国家队 平均排名 % Correct
1 北美洲 美国 1.20
100%
2 欧洲 德国 2.40
100%
6 亚洲 日本 7.27
100%
7 北美洲 加拿大 7.27
100%
8 南美洲 巴西 7.40
100%
11 大洋洲 澳大利亚 9.47
100%
12 欧洲 西班牙 10.87
100%
14 欧洲 意大利 13.93
100%
16 亚洲 中国 16.20
100%
20 欧洲 比利时 22.47
100%
23 欧洲 俄罗斯 23.67
100%
24 欧洲 奥地利 23.73
100%
27 北美洲 墨西哥 27.40
100%
3 欧洲 法国 4.73
90%
5 欧洲 瑞典 5.80
90%
9 欧洲 荷兰 9.27
90%
13 欧洲 挪威 12.27
90%
15 欧洲 丹麦 14.27
90%
18 亚洲 韩国 17.47
90%
19 欧洲 瑞士 20.67
90%
22 大洋洲 新西兰 22.67
90%
25 南美洲 哥伦比亚 25.20
90%
26 欧洲 芬兰 25.40
90%
28 欧洲 乌克兰 27.60
90%
29 欧洲 捷克 28.87
90%
30 欧洲 爱尔兰 29.73
90%
10 亚洲 朝鲜 9.40
80%
4 欧洲 英格兰 5.73
70%
17 欧洲 冰岛 17.40
70%
21 欧洲 苏格兰 22.47
60%
No matching quizzes found
Score Distribution
Percent of People with Each Score
Percentile by Number Answered
Your Score History
You have not taken this quiz